• 首页
  • 本馆介绍
  • 公告通知
  • 最新文献
  • 馆藏检索
  • 电子资源
  • 读者导购
  • 参考咨询
  • 我的图书馆
  • 登录
  • 详细信息显示
  • 放入我的书架
  • 预约/预借图书
  • 作者相关作品
  • 分类相关作品
  • 丛书相关作品
  • 出版社相关作品

书目信息

  • 表格格式
  • 工作单格式
  • 卡片格式
题名:
一看就懂的装修材料书
    
 
作者: ;理想·宅 编
分册:  
出版信息: 北京   中国电力出版社  2016.12
页数: 218页
开本: 24cm
丛书名: 全解家装图鉴系列
单 册:
中图分类: TU56
科图分类:
主题词: 住宅--室内装修--装修材料--基本知识
电子资源:
ISBN: 978-7-5123-8358-6
000 00999nam 2200265 450
001 0400004732
005 20171024172907.0
010    @a978-7-5123-8358-6@dCNY48.00
039    @aA330000ZJL@bUCS01002504797@c2776808
100    @a20160109e2016 em y0chiy50 ea
101 0  @achi
102    @aCN@b110000
105    @aa z 000yy
106    @ar
200 1  @a一看就懂的装修材料书@9yi kan jiu dong de zhuang xiu cai liao shu@f理想·宅编
210    @a北京@c中国电力出版社@d2016.12
215    @a218页@c图@d24cm
225 2  @a全解家装图鉴系列
330    @a本书按照家居中经常用到的装饰材料进行分章节介绍,每章先总体概述该类材料的基本信息,接下来分节介绍具体材料的相关内容,包括其基本特征,如何挑选、施工、验收、保养等问题,并用室内实景图片加点评的形式,将材料与家居装修完美结合。
461  0 @12001 @a全解家装图鉴系列
606 0  @a住宅@x室内装修@x装修材料@x基本知识
690    @aTU56@v5
711 02 @a理想·宅@9li xiang · zhai@4编
801  0 @aCN@b91MARC@c20171024
905    @b1039065-9@dTU56@f5@e1331
    
    一看就懂的装修材料书/理想·宅编.-北京:中国电力出版社,2016.12
    218页:图;24cm.-(全解家装图鉴系列)
    
    
    ISBN 978-7-5123-8358-6:CNY48.00
    本书按照家居中经常用到的装饰材料进行分章节介绍,每章先总体概述该类材料的基本信息,接下来分节介绍具体材料的相关内容,包括其基本特征,如何挑选、施工、验收、保养等问题,并用室内实景图片加点评的形式,将材料与家居装修完美结合。
●
相关链接 在E读中查询图书 在五车中查询图书 在当当中查询图书 在豆瓣中查询图书


正题名:一看就懂的装修材料书     索取号:TU56/1331         预约/预借

序号 登录号 条形码 馆藏地/架位号 状态 备注
1 1039065   210390655   第二样本阅览室/ [索取号:TU56/1331] 在馆    
2 1039066   210390664   密集书库-生命科学系/ [索取号:TU56/1331] 在馆    
3 1039067   210390673   第三借阅区/ [索取号:TU56/1331] 在馆    
4 1039068   210390682   第三借阅区/ [索取号:TU56/1331] 在馆    
5 1039069   210390691   第三借阅区/ [索取号:TU56/1331] 在馆    
唐山师范学院图书馆 欢迎您!
大连网信软件有限公司© 版权所有